Category Elimination - NBA #4 - Statistics

General Stats
  • This quiz has been taken 7,359 times
  • The average score is 14 of 20
Answer Stats
Group # Category % Correct
Green 30 A NBA Arena in 2025-26
94%
Orange 145 A player who is in the Top 5 All-Time scorers of a franchise
92%
Orange 28 ... who is still playing in the NBA in 2025-26
92%
Blue 59 A player who had a at least 45 3P% season
92%
Blue 20 ... who is an All-Star
91%
Orange 14 ... who is a guard
90%
Green 18 ... which has been used before 2000
88%
Purple 114 A player All-Star with at least 2 different teams
88%
Purple 33 ... who averaged 20 Points/G in entire career
88%
Green 11 ... with a capacity of at least 19,000
80%
Orange 8 ... who played in the western and eastern conference
80%
Purple 19 ... who never got a ring
79%
Green 8 ... which hosted a NBA champion during their title
77%
Purple 7 ... who played in Texas
64%
Blue 14 ... who never won the 3-Point contest
59%
Orange 1 ...who scored multiple buzzer beaters ending a Playoffs series Damian Lillard
59%
Purple 1 ... who had a game with more than 30 rebonds Charles Barkley
29%
Blue 5 ... who played in the 90's
25%
Green 1 ... which has a General Manager banner with initials: "JK" United Center
21%
Blue 1 ... who had more than 2,000 steals in career John Stockton
19%
No matching quizzes found
Score Distribution
Percent of People with Each Score
Percentile by Number Answered
Your Score History
You have not taken this quiz